1198 1514 1103 1700 1629 1696 1224 1387 1372 1362 1275 1632 1668 1323 1665 1686 1289 1325 1420 1128 1330 1812 1254 1435 1467 1856 1721 1944 1526 1504 1433 1054 1391 1113 1404 1860 1066 1289 1871 1948 1522 1079 1291 1631 1290 1007 1325 1446 1441 1527 1802 1580 1058 1189 1593 1266 1941 1358 1369 1047 1122 1383 1116 1163 1388 1403 1077 1058 1853 1064 1385 1561 1677 1557 1907 1705 1659 1477 1917 1333 1331 1495 1720 1544 1803 1017 1939 1514 1497 1661 1675 1432 1454 1108 1550 1677 1177 1289 1726 BCNSPRNW ULIB Ver.6.0+V

เปลี่ยนเป็นภาษาไทย

Change to English
 แสดงรายละเอียดบรรณานุกรม
  กลับหน้าหลัก

Brief Record : Get Marc (ISO 2709) : E-mail record : QR code < ปิดหน้าต่าง
LEADER : 00000nam 2200000uu 4500
001    13399126164
003     ULIB
008    180618s2560||||th 000 0 tha d
020    ^a9786164292963
050    ^aPE1116^bป17บ
100    ^aประพิศ พงษ์พานิช
245    ^aบทสนทนาภาษาอังกฤษสำหรับบุคลากรทางการแพทย์เล่ม 4 (English for the Medical Profession 4)/ประพิศ พงษ์พานิช
250    ^aพิมพ์ครั้งที่ 1
260    ^aกรุงเทพฯ :^bพี. เพรส,^c2560
300    ^a168 หน้า
650    ^aภาษาอังกฤษ--บทสนทนาและวลี
945    ^p160^l0^i26298
945    ^p160^l0^i26299
945    ^p160^l0^i26300
945    ^p160^l0^i26301
945    ^p160^l0^i26302
945    ^p160^l0^i26303
945    ^p160^l0^i26304
945    ^p160^l0^i26305
945    ^p160^l0^i26306
945    ^p160^l0^i26307
999    ^aกัณชพร จุลอักษร
รายการนี้ยังไม่มีแท็ก
คุณยังไม่ได้ล็อกอิน คุณสามารถมีกิจกรรมร่วมกับเว็บไซต์ได้ แต่ต้องล็อกอินก่อน ::
  ล็อกอิน

รายการสื่อสารสนเทศ

ลำดับที่ ประเภท เลขเรียก/บาร์โค้ด สถานที่ สถานะ
1. หนังสือสำรอง
หนังสือสำรอง
PE1116 ป17บ ฉ.1 
  Barcode: 26298
ห้องสมุดวิทยาเขตนครสวรรค์
►หนังสือทั่วไป:l:General Books
บนชั้น
2. วิทยาศาสตร์การแพทย์ และสุขภาพ
วิทยาศาสตร์การแพทย์ และสุขภาพ
PE1116 ป17บ ฉ.10 
  Barcode: 26307
ห้องสมุดวิทยาเขตนครสวรรค์
►หนังสือทั่วไป:l:General Books
บนชั้น
3. วิทยาศาสตร์การแพทย์ และสุขภาพ
วิทยาศาสตร์การแพทย์ และสุขภาพ
PE1116 ป17บ ฉ.2 
  Barcode: 26299
ห้องสมุดวิทยาเขตนครสวรรค์
►หนังสือทั่วไป:l:General Books
บนชั้น
4. วิทยาศาสตร์การแพทย์ และสุขภาพ
วิทยาศาสตร์การแพทย์ และสุขภาพ
PE1116 ป17บ ฉ.3 
  Barcode: 26300
ห้องสมุดวิทยาเขตนครสวรรค์
►หนังสือทั่วไป:l:General Books
บนชั้น
5. วิทยาศาสตร์การแพทย์ และสุขภาพ
วิทยาศาสตร์การแพทย์ และสุขภาพ
PE1116 ป17บ ฉ.4 
  Barcode: 26301
ห้องสมุดวิทยาเขตนครสวรรค์
►หนังสือทั่วไป:l:General Books
บนชั้น
6. วิทยาศาสตร์การแพทย์ และสุขภาพ
วิทยาศาสตร์การแพทย์ และสุขภาพ
PE1116 ป17บ ฉ.5 
  Barcode: 26302
ห้องสมุดวิทยาเขตนครสวรรค์
►หนังสือทั่วไป:l:General Books
บนชั้น
7. วิทยาศาสตร์การแพทย์ และสุขภาพ
วิทยาศาสตร์การแพทย์ และสุขภาพ
PE1116 ป17บ ฉ.6 
  Barcode: 26303
ห้องสมุดวิทยาเขตนครสวรรค์
►หนังสือทั่วไป:l:General Books
บนชั้น
8. วิทยาศาสตร์การแพทย์ และสุขภาพ
วิทยาศาสตร์การแพทย์ และสุขภาพ
PE1116 ป17บ ฉ.7 
  Barcode: 26304
ห้องสมุดวิทยาเขตนครสวรรค์
►หนังสือทั่วไป:l:General Books
บนชั้น
9. วิทยาศาสตร์การแพทย์ และสุขภาพ
วิทยาศาสตร์การแพทย์ และสุขภาพ
PE1116 ป17บ ฉ.8 
  Barcode: 26305
ห้องสมุดวิทยาเขตนครสวรรค์
►หนังสือทั่วไป:l:General Books
บนชั้น
10. วิทยาศาสตร์การแพทย์ และสุขภาพ
วิทยาศาสตร์การแพทย์ และสุขภาพ
PE1116 ป17บ ฉ.9 
  Barcode: 26306
ห้องสมุดวิทยาเขตนครสวรรค์
►หนังสือทั่วไป:l:General Books
บนชั้น

รายการใกล้เคียง
    ชื่อเรื่อง [บทสนทนาภาษาอังกฤษสำหรับบุคลากรทางการแพทย์เล่ม 4 (English for the Medical Profession 4)/ประพิศ พงษ์พานิช]

    ผู้แต่ง [ประพิศ พงษ์พานิช]

    หัวเรื่อง [ภาษาอังกฤษ--บทสนทนาและวลี]

BibComment


ยังไม่เคยถูกคอมเมนท์

คอมเมนท์ทรัพยากรรายการนี้
  คอมเมนท์: บทสนทนาภาษาอังกฤ..


 Copyright 2026. Bcnsprnw @Library